000 01097nam a2200277Ia 4500
999 _c4078
_d4078
003 OSt
005 20200605155053.0
008 191128s1985 sp gr 000 0 spa d
020 _a8459907708
040 _aCO-JMCR
_cCO-JMCR
041 1 _aspa
_heng
082 0 4 _a330.1 /
_bR488p
_223
100 _aRicardo, David,
_eautor
_95066
245 1 0 _aPrincipios de economía política /
_cDavid Ricardo ; traducción E. Hazera
260 _aMadrid :
_bSarpe,
_c1985
300 _a378 páginas ;
_c19 cm.
490 0 _aLos grandes pensadores ;
_v74
505 _aAmbigüedad del término valor; valor en uso y valor en cambio -- Necesidad de la presencia de la utilidad en las cosas de valor -- Causas del valor cuantitativo: la escazes, y, asimismo, en la mayoría de los casos, el trabajo necesario para obteberlas
534 _pPrinciples of political economy and taxation
546 _aTraducido del inglés
650 1 4 _aEconomía política
_95067
650 2 4 _aPolítica fiscal
_95068
650 2 4 _aTeoría económica
_95069
700 1 _aHazera, E.,
_etraductor
_95070
942 _2ddc
_cBK